000 00438nam a22001697a 4500
003 NUST - PNEC
005 20170116181031.0
008 150908b xxu||||| |||| 00| 0 eng d
020 _a0870213180
040 _cLIBRARY
082 _a623.81 GIL
100 _99147
_aGillmer T. C.
245 _aIntroduction to naval architecture
_cThomas C. Gillmer
260 _cc.1982
650 _99152
_aMechnical engineering
_xME
942 _2ddc
_cBK
999 _c67753
_d67753